|
|
|
|
| LEADER |
00668mam a2200181 4500 |
| 020 |
|
|
|a 0202060365
|
| 082 |
0 |
0 |
|a 330.947
|b WIL/E
|
| 100 |
1 |
|
|a Wilczynski, J.
|
| 245 |
1 |
4 |
|a The economics of socialism:
|b principles governing the operation of the centrally planned economies in the USSR and Eastern Europe under the new system
|
| 250 |
|
|
|a [1st U.S. ed.]
|
| 260 |
|
|
|a New Delhi :
|b S.Chand & Co.,
|c 1978.
|
| 300 |
|
|
|a 233 p.
|
| 490 |
1 |
|
|a Studies in economics
|
| 650 |
|
|
|a Economics
|
| 650 |
|
|
|a Socialism
|
| 942 |
|
|
|c BK
|
| 999 |
|
|
|c 97749
|d 97749
|
| 952 |
|
|
|0 0
|1 0
|4 0
|6 330_947000000000000_WIL_E
|7 0
|9 90831
|a SSS
|b SSS
|c GEN
|d 2011-11-15
|l 0
|o 330.947 WIL/E
|p SSS00116
|r 2011-11-15
|w 2011-11-15
|y BK
|